Logo CIB grande

CONCEPTOS GENERALES DE GESTION TECNOLOGICA (Registro nro. 194583)

Detalles MARC
000 -LEADER
campo de control de longitud fija 00706nam a2200241Ia 4500
005 - FECHA Y HORA DE LA ÚLTIMA TRANSACCIÓN
campo de control 20250425160717.0
008 - DATOS DE LONGITUD FIJA--INFORMACIÓN GENERAL
campo de control de longitud fija 250425s9999 xx 000 0 und d
041 ## - CÓDIGO DE IDIOMA
Código de lengua del texto/banda sonora o título independiente spa
043 ## - CÓDIGO DE ÁREA GEOGRÁFICA
Código de área geográfica cl
082 ## - NÚMERO DE LA CLASIFICACIÓN DECIMAL DEWEY
Número de clasificación 658.404
010 ## - NÚMERO DE CONTROL DE LA BIBLIOTECA DEL CONGRESO
Número de control de LC 3132
100 ## - ENTRADA PRINCIPAL--NOMBRE DE PERSONA
Nombre de persona CENTRO INTERUNIVERSITARIO DE DESARROLLO, CINDA
245 #0 - MENCIÓN DEL TÍTULO
Título CONCEPTOS GENERALES DE GESTION TECNOLOGICA
250 ## - MENCION DE EDICION
Mención de edición 1A ED.
260 ## - PUBLICACIÓN, DISTRIBUCIÓN, ETC.
Lugar de publicación, distribución, etc. Chile
Nombre del editor, distribuidor, etc. CENTRO INTERUNIVERSITARIO DE DESARROLLO CINDA
Fecha de publicación, distribución, etc. 1990
260 ## - PUBLICACIÓN, DISTRIBUCIÓN, ETC.
Lugar de publicación, distribución, etc. SANTIAGO DE CHILE
300 ## - DESCRIPCIÓN FÍSICA
Extensión 390
500 ## - NOTA GENERAL
Nota general COLECCION CIENCIA Y TECNOLOGIA No. 26
650 ## - PUNTO DE ACCESO ADICIONAL DE MATERIA--TÉRMINO DE MATERIA
Término de materia o nombre geográfico como elemento de entrada ADMINISTRACION DE PROYECTOS
650 ## - PUNTO DE ACCESO ADICIONAL DE MATERIA--TÉRMINO DE MATERIA
Término de materia o nombre geográfico como elemento de entrada GESTION TECNOLOGICA
710 ## - ENTRADA AGREGADA--NOMBRE DE ENTIDAD CORPORATIVA
Nombre de entidad corporativa o nombre de jurisdicción como elemento de entrada CENTRO INTERUNIVESITARIO DE DESARROLLO
942 ## - ELEMENTOS DE ENTRADA SECUNDARIOS (KOHA)
Tipo de ítem Koha Libros
Existencias
Estatus retirado Estado de pérdida Estado de daño No para préstamo Biblioteca de origen Biblioteca actual Ubicación en estantería Fecha de adquisición Coste, precio normal de compra Total de préstamos Código de barras Copia número Nota pública
        ESCUELA DE NEGOCIOS ESCUELA DE NEGOCIOS   19/03/2010 4.00   D-P 01734 2 DONADO

Copyright 2025 ESPOL. Todos los derechos reservados.